00366cam a2200109 i 450008200150000024500450001526000480006030000210010850000990012965000140022865000140024200a628.51 HAS14aThe hazards of environmental pollution : aBombay :bMax Mueller Bhavan,c[pref. 1976] a123 p. :bmaps ; aSponsored by the Society for a Clean Environment, Bombay and the Max Mueller Bhavans in India. 0aPollution 0aPollution